000 00698nam a22002537a 4500
001 46272
003 UA-OsUOA
005 20210509192712.0
007 ta
008 20120207b un ||||| |||| 00| 0 ukr d
040 _aUA-OsUOA
_bukr
_cUA-OsUOA
_dUA-OsUOA
041 _aukr
080 _a09.-82-34
090 _a09.-82-34
_bК71
100 _aКоссар В.
245 _aДля нашого добра
260 _aВінніпег
_c1944
300 _a47 с.
650 7 _a0 Загальний відділ.
_2UDC
942 _cBR
_2udc
955 _a3
999 _c426382
_d426382